000 00253nam a22001217a 4500
040 _cLP
082 _a526
100 _aឡោ
245 _aGeodesy ប្រថពីវិទ្យា
260 _aRUA
_bឡោ
_cNA
300 _a78p;
942 _cAEDBB
999 _c10295
_d10295